<?xml version="1.0" encoding="UTF-8"?>
<record
    xmlns:xsi="http://www.w3.org/2001/XMLSchema-instance"
    xsi:schemaLocation="http://www.loc.gov/MARC21/slim http://www.loc.gov/standards/marcxml/schema/MARC21slim.xsd"
    xmlns="http://www.loc.gov/MARC21/slim">

  <leader>00871nam a2200169Ia 4500</leader>
  <controlfield tag="008">121028s9999    xx            000 0 und d</controlfield>
  <datafield tag="020" ind1=" " ind2=" ">
    <subfield code="a">970-686-187-4</subfield>
  </datafield>
  <datafield tag="050" ind1=" " ind2=" ">
    <subfield code="a">HF5415.32 C65 2002</subfield>
  </datafield>
  <datafield tag="245" ind1=" " ind2=" ">
    <subfield code="a">Comportamiento del consumidor / Roger D. Blackwell...[et al]</subfield>
  </datafield>
  <datafield tag="250" ind1=" " ind2=" ">
    <subfield code="a">9a ed.</subfield>
  </datafield>
  <datafield tag="260" ind1=" " ind2=" ">
    <subfield code="a">M&#xE9;xico : CENGAGE Learning</subfield>
  </datafield>
  <datafield tag="300" ind1=" " ind2=" ">
    <subfield code="a">xx, 571 p.</subfield>
  </datafield>
  <datafield tag="500" ind1=" " ind2=" ">
    <subfield code="a">Incluye glosario e &#xED;ndice</subfield>
  </datafield>
  <datafield tag="505" ind1=" " ind2=" ">
    <subfield code="a">Prefacio I. INTRODUCCI&#xD3;N AL COMPORTAMIENTO DEL CONSUMIDOR 1. Comportamiento e investigaci&#xF3;n del consumidor 2. &#xBF;C&#xF3;mo el an&#xE1;lisis del consumidor afecta la estrategia de negocios? II. TOMA DE DECISI&#xD3;N DEL CONSUMIDOR 3. Proceso de decisi&#xF3;n del consumidor</subfield>
  </datafield>
  <datafield tag="650" ind1=" " ind2=" ">
    <subfield code="a">Comportamiento del consumidor. \2.Investigaci&#xF3;n de mercado.</subfield>
  </datafield>
  <datafield tag="700" ind1=" " ind2=" ">
    <subfield code="a">Blackwell, Roger D., coaut. \ II.Miniard, Paul W., coaut. \ III.Engel, James F., coaut. \. IV.Sanchez, Gabriel, tr.&#xCC;</subfield>
  </datafield>
  <datafield tag="952" ind1=" " ind2=" ">
    <subfield code="0">0</subfield>
    <subfield code="1">0</subfield>
    <subfield code="4">0</subfield>
    <subfield code="7">0</subfield>
    <subfield code="a">14</subfield>
    <subfield code="b">14</subfield>
    <subfield code="d">2009-09-24</subfield>
    <subfield code="l">3</subfield>
    <subfield code="o">HF5415.32 C65 2002</subfield>
    <subfield code="p">14 002330</subfield>
    <subfield code="r">2016-08-23</subfield>
    <subfield code="s">2016-08-23</subfield>
    <subfield code="t">1</subfield>
    <subfield code="w">2012-10-28</subfield>
    <subfield code="y">LB</subfield>
  </datafield>
  <datafield tag="952" ind1=" " ind2=" ">
    <subfield code="0">0</subfield>
    <subfield code="1">0</subfield>
    <subfield code="4">0</subfield>
    <subfield code="7">0</subfield>
    <subfield code="a">14</subfield>
    <subfield code="b">14</subfield>
    <subfield code="d">2009-09-24</subfield>
    <subfield code="l">1</subfield>
    <subfield code="o">HF5415.32 C65 2002</subfield>
    <subfield code="p">14 002331</subfield>
    <subfield code="r">2014-07-05</subfield>
    <subfield code="s">2014-07-05</subfield>
    <subfield code="t">2</subfield>
    <subfield code="w">2012-10-28</subfield>
    <subfield code="y">LB</subfield>
  </datafield>
  <datafield tag="999" ind1=" " ind2=" ">
    <subfield code="c">85179</subfield>
    <subfield code="d">85179</subfield>
  </datafield>
</record>
